All Mötley Crüe Songs - Statistics

General Stats
  • This quiz has been taken 396 times
  • The average score is 46 of 139
Answer Stats
Album Song % Correct
Girls, Girls, Girls Girls, Girls, Girls
91%
Shout at the Devil Shout at the Devil
89%
Too Fast for Love Too Fast for Love
85%
Dr. Feelgood Dr. Feelgood
84%
Too Fast for Love Live Wire
84%
Dr. Feelgood Kickstart My Heart
82%
Theatre of Pain Home Sweet Home
78%
Shout at the Devil Looks That Kill
74%
Theatre of Pain Smokin' in the Boys Room
73%
Too Fast for Love Take Me to the Top
72%
Girls, Girls, Girls Wild Side
72%
Dr. Feelgood Same Ol' Situation (S.O.S.)
70%
Shout at the Devil Too Young to Fall in Love
69%
Shout at the Devil Red Hot
65%
Saints of Los Angeles Saints of Los Angeles
64%
Dr. Feelgood Without You
62%
Dr. Feelgood Don't Go Away Mad (Just Go Away)
61%
Shout at the Devil Bastard
60%
The Dirt Soundtrack The Dirt (Est. 1981)
60%
Too Fast for Love Merry-Go-Round
58%
Girls, Girls, Girls Dancing on Glass
57%
Shout at the Devil Helter Skelter
57%
Too Fast for Love On with the Show
56%
Shout at the Devil Ten Seconds to Love
55%
Dr. Feelgood T.n.T. (Terror 'n Tinseltown)
55%
Girls, Girls, Girls Nona
54%
Shout at the Devil In the Beginning
53%
Shout at the Devil Knock 'Em Dead, Kid
53%
Too Fast for Love Public Enemy #1
53%
Shout at the Devil Danger
51%
Dr. Feelgood Rattlesnake Shake
51%
Dr. Feelgood Slice of Your Pie
51%
Girls, Girls, Girls Jailhouse Rock
50%
Decade of Decadence 81-91 Primal Scream
49%
Too Fast for Love Starry Eyes
49%
Dr. Feelgood Sticky Sweet
49%
Girls, Girls, Girls You're All I Need
49%
Girls, Girls, Girls All in the Name Of...
48%
Girls, Girls, Girls Bad Boy Boogie
47%
Too Fast for Love Tonight
45%
Theatre of Pain Tonight (We Need a Lover)
45%
Shout at the Devil God Bless the Children of the Beast
44%
Too Fast for Love Piece of Your Action
44%
Dr. Feelgood She Goes Down
44%
Theatre of Pain City Boy Blues
42%
Too Fast for Love Come on and Dance
42%
New Tattoo New Tattoo
42%
Generation Swine Generation Swine
41%
Theatre of Pain Louder Than Hell
41%
Girls, Girls, Girls Five Years Dead
40%
Theatre of Pain Keep Your Eye on the Money
40%
Dr. Feelgood Time for Change
40%
Too Fast for Love Toast of the Town
40%
Generation Swine Afraid
35%
Girls, Girls, Girls Sumthin' for Nuthin'
35%
Theatre of Pain Use It or Lose It
34%
Too Fast for Love Stick to Your Guns
33%
New Tattoo Hell on High Heels
32%
Theatre of Pain Fight for Your Rights
31%
Girls, Girls, Girls Rodeo
31%
Generation Swine Glitter
30%
The Dirt Soundtrack Like a Virgin
29%
Saints of Los Angeles Mutherf**ker of the Year
29%
Single Sex
28%
Decade of Decadence 81-91 Anarchy in the U.K.
27%
Theatre of Pain Save Our Souls
27%
Decade of Decadence 81-91 Angela
26%
Mötley Crüe Hooligan's Holiday
26%
Saints of Los Angeles White Trash Circus
26%
Generation Swine Brandon
25%
Theatre of Pain Raise Your Hands to Rock
25%
Mötley Crüe Misunderstood
24%
Generation Swine Rocketship
24%
Red, White & Crüe If I Die Tomorrow
23%
Mötley Crüe Uncle Jack
23%
Saints of Los Angeles Down at the Whisky
22%
Dr. Feelgood Get It for Free
22%
Saints of Los Angeles Chicks = Trouble
20%
New Tattoo Dragstrip Superstar
20%
Saints of Los Angeles Face Down in the Dirt
20%
New Tattoo Fake
20%
Mötley Crüe Power to the Music
20%
New Tattoo White Punks on Dope
20%
New Tattoo 1st Band on the Moon
19%
Single #2 All Bad Things Must End
19%
Generation Swine Flush
19%
Saints of Los Angeles Goin' Out Swingin'
19%
New Tattoo Porno Star
19%
Red, White & Crüe Black Widow
18%
Generation Swine Find Myself
18%
New Tattoo Hollywood Ending
18%
Shout at the Devil I Will Survive
18%
Saints of Los Angeles L.A.M.F.
18%
The Dirt Soundtrack Ride with the Devil
18%
Red, White & Crüe Sick Love Song
18%
Mötley Crüe Smoke the Sky
18%
Generation Swine Beauty
17%
Raw Tracks 2 Teaser
17%
Saints of Los Angeles The Animal in Me
17%
Saints of Los Angeles This Ain't a Love Song
17%
The Dirt Soundtrack Crash and Burn
16%
Mötley Crüe Poison Apples
16%
New Tattoo Treat Me Like the Dog I Am
16%
Quaternary Babykills
15%
New Tattoo Punched in the Teeth by Love
15%
Saints of Los Angeles Welcome to the Machine
15%
Generation Swine A Rat Like Me
14%
Mötley Crüe Driftaway
14%
Mötley Crüe Hammered
14%
Generation Swine Anybody Out There?
13%
Saints of Los Angeles Just Another Psycho
13%
Generation Swine Let Us Prey
13%
New Tattoo She Needs Rock & Roll
13%
Mötley Crüe Welcome to the Numb
13%
GREATE$T HIT$ Bitter Pill
12%
Quaternary Bittersuite
12%
Generation Swine Confessions
12%
Quaternary Father
12%
Mötley Crüe Loveshine
12%
Supersonic and Demonic Relics Monsterous
12%
Decade of Decadence 81-91 Rock 'n' Roll Junkie
12%
Supersonic and Demonic Relics Say Yeah
12%
Saints of Los Angeles What's It Gonna Take
12%
Mötley Crüe Droppin' Like Flies
11%
GREATE$T HIT$ Enslaved
11%
Quaternary Planet Boom
11%
Mötley Crüe Til Death Do Us Part
11%
Mötley Crüe Hypnotized
10%
Supersonic and Demonic Relics Sinners & Saints
10%
Red, White & Crüe Street Fighting Man
9%
New Tattoo Timebomb
9%
Generation Swine Kiss the Sky
8%
Red, White & Crüe I'm a Liar (That's the Truth)
7%
Quaternary Livin' in the No
7%
Supersonic and Demonic Relics So Good, So Bad
7%
Generation Swine Wreck Me
7%
Quaternary 10.000 Miles Away
6%
Quaternary Friends
6%
Generation Swine Song to Slit Your Wrist By
6%
No matching quizzes found
Score Distribution
Percent of People with Each Score
Percentile by Number Answered
Your Score History
You have not taken this quiz